00694nam a22001337a 450000500170000000800410001705000310005810000270008924501340011626000340025030000200028450000400030465002160034420251223102954.0251223b |||||||| |||| 00| 0 eng d aTHE HV 9279 .I78 2025bC.1 aIrungu, Veronica Njeri aEffectiveness of Counselling on Rehabilitation of Non-Custodial Offenders in Selected Probation Stations in Nairobi County, Kenya aKisiibKisii Universityc2025 axix, 199p.:ill. aIncludes bibliographical references a1. Probation—Kenya—Nairobi. 2. Counseling in correctional institutions—Kenya. 3. Rehabilitation of offenders—Kenya. 4. Community-based corrections—Kenya. 5. Criminal justice, Administration of—Kenya.